Resolución de conflictos en las escuelas: manual para educadores

Αποθηκεύτηκε σε:
Λεπτομέρειες βιβλιογραφικής εγγραφής
Κύριοι συγγραφείς: Girard, Kathryn (Συγγραφέας), Koch, Susan J (Συγγραφέας)
Μορφή: Βιβλίο
Γλώσσα:Ισπανικά
Έκδοση: Buenos Aires Granica 1997
Σειρά:Colección Mediación
Θέματα:
Ετικέτες: Προσθήκη ετικέτας
Δεν υπάρχουν, Καταχωρήστε ετικέτα πρώτοι!

MARC

LEADER 00000nam a2200000 a 4500
001 UCQ7301
003 CL-VaPUC
008 981107e19970000AG |||||||||||||||||spa|d
020 |a 8475774296 
082 0 4 |a 370.15  |b GIR  |2 21 
100 0 |a Girard, Kathryn  |e author  |9 421188 
700 0 |a Koch, Susan J  |e author  |9 421189 
245 1 0 |a Resolución de conflictos en las escuelas: manual para educadores 
300 |a 331 p 
942 |c BK 
945 |d 19981107 00:00:00  |a aarredon 
260 |a Buenos Aires  |b Granica  |c 1997 
650 7 |a SOLUCION DE PROBLEMAS  |2 CL-VaPUC  |9 270958 
650 0 |a Mediación  |9 338396 
650 0 |a Psicología educacional   |9 307830 
650 0 |a Educadores   |9 314091 
650 0 |a Conflictos  |9 332195 
650 0 |a Aulas   |9 337757 
650 0 |a Psicología del aprendizaje  |9 306854 
583 |a last modification  |c 19981107 00:00:00  |k Rodrigo Vera 
490 0 |a Colección Mediación 
999 |c 277016  |d 277014 
952 |0 0  |1 0  |4 0  |6 370_150000000000000_GIR_1997  |7 0  |8 A  |9 314722  |a BIBEDU  |b BIBEDU  |d 2019-11-20  |i 3472949  |o 370.15 GIR 1997  |p 3472949  |r 2019-11-20  |w 2019-11-20  |y BK  |k EPE 
952 |0 0  |1 0  |4 0  |6 370_150000000000000_GIR_1997  |7 0  |8 A  |9 314723  |a BIBEDU  |b BIBEDU  |d 2019-11-20  |i 4459628  |o 370.15 GIR 1997  |p 4459628  |r 2019-11-20  |w 2019-11-20  |y BK  |k EBA